000 00910nam a2200277 i 4500
003 EG-GICUC
005 20260121101156.0
008 251108s1955 ua ||||fr ||| 00| 0 ara d
040 _aEG-GICUC
_cEG-GICUC
_dEG-GICUC
_erda
_bara
041 0 _aara
082 0 4 _221
_a341.8
_bم ح . أ
092 0 4 _221
099 _aLaw1 12 341.8 م ح . أ 1955
100 0 _aمحمد كمال فهمي
_eمؤلف.
245 1 2 _aأصول القانون الدولي الخاص/
_cمحمد كمال فهمي.
264 0 _aمصر:
_bدار الطالب،
_c1955.
300 _a؛571صفحة
_c30 سم.
336 _atext
_2rda content
337 _aComputer
_2rda media
338 _aOnline Resource
_2rda carrier
546 _aالنص باللغة العربية
650 0 4 _aقانون دولي خاص
856 _uhttps://fll.law.cu.edu.eg/fulltext/th/B12-00210.pdf
905 _a59
942 _2ddc
_cBK
_e21
_n0
999 _c41720
_d41720